Name a Country Where These Reptiles Are Found #2 - Statistics

General Stats
  • This quiz has been taken 15 times
  • The average score is 28 of 144
Answer Stats
Picture Hint Answer % Correct
Desert Iguana United States of America | Mexico
75%
Fiji Crested Iguana Fiji
58%
Baja Blue Rock Lizard Mexico
58%
Pygmy Short-Horned Lizard United States of America | Canada
58%
Cuban Iguana Cuba | United States of America (Puerto Rico) | United Kingdom (Cayman Islands)
50%
Indian Golden Gecko India
50%
Green Iguana Mexico | Guatemala | Belize | El Salvador | Honduras | Nicaragua | Costa Rica | Panama | Colombia | Venezuela | Suriname | Guyana | Brazil | Ecuador | Peru | Bolivia | Paraguay | Argentina | Trinidad & Tobago | Grenada | Saint Lucia | United States of America | Dominican Republic | Dominica | Saint Kitts & Nevis | Antigua & Barbuda | Saint Vincent & the Grenadines | France (Multiple Territories) | United Kingdom (Multiple Island Territories) | Netherlands (Multiple Island Territories)
50%
Indian Kangaroo Lizard India
42%
Common Green Forest Lizard India | Sri Lanka
42%
Persian Spider Gecko Iran | Pakistan | Afghanistan
42%
Western Fence Lizard United States of America | Mexico
42%
Colorado Desert Fringe-Toed Lizard United States of America | Mexico
42%
Texas Horned Lizard United States of America | Mexico
42%
Central Bearded Dragon Australia
33%
Marine Iguana Ecuador
33%
Galápagos Land Iguana Ecuador
33%
Monkey Tailed Anole Honduras | Nicaragua | Costa Rica | Panama | Colombia | Ecuador
33%
Carpet Chameleon Madagascar
33%
Antimena Chameleon Madagascar
33%
Marojejy Leaf Chameleon Madagascar
33%
Domergue's Leaf Chameleon Madagascar
33%
Lesser Chameleon Madagascar
33%
O'Shaughnessy's Chameleon Madagascar
33%
Ramanantsoa's Minute Leaf Chameleon Madagascar
33%
Yucatán Spiny-Tailed Iguana Mexico
33%
Giant Horned Lizard Mexico
33%
Plumed Basilisk Mexico | Colombia | Honduras | Panama | Costa Rica
33%
Cape Dwarf Chameleon South Africa
33%
Common Chuckwalla United States of America | Mexico
33%
Desert Horned Lizard United States of America | Mexico
33%
Central Pebble Dragon Australia
25%
Western Bearded Dragon Australia
25%
Eastern Bearded Dragon Australia
25%
Graceful Chameleon Central African Republic | Ivory Coast | Ethiopia | Democratic Republic of the Congo | Senegal | Gambia | Sierra Leone | Liberia | Ghana | Togo | Nigeria | Cameroon | Tanzania | Kenya | Uganda | Somalia | Sudan | Guinea | Benin | Burkina Faso
25%
Crested Chameleon Equatorial Guinea | Cameroon | Central African Republic | Democratic Republic of the Congo | Republic of the Congo | Gabon | Nigeria | Ghana | Togo
25%
Peninsular Rock Agama India
25%
Nilgiri Forest Lizard India
25%
Great Flying Dragon Indonesia | Thailand | Malaysia
25%
Amber Mountain Chameleon Madagascar
25%
Blanc's Leaf Chameleon Madagascar
25%
Chalarodon Madagascariensis Madagascar
25%
Panther Chameleon Madagascar
25%
Jewelled Chameleon Madagascar
25%
Parson's Chameleon Madagascar
25%
Cozumel Spiny Lizard Mexico
25%
Black Iguana Mexico | Belize | Guatemala | Honduras | Nicaragua | Costa Rica | Panama | El Salvador | Colombia | United States of America | The Bahamas | Venezuela
25%
Emerald Swift Mexico | Guatemala | Honduras | El Salvador | Nicaragua | Costa Rica | Belize | Panama
25%
Common Chameleon Portugal | Spain | Italy | Cyprus | Greece | Malta | Morocco | Algeria | Tunisia | Libya | Egypt | Israel | Jordan | Saudi Arabia | Yemen | Turkey | Lebanon | Syria | Iraq | Iran
25%
Leolo Rock Gecko South Africa
25%
Zululand Dwarf Chameleon South Africa
25%
Northern Bahamian Rock Iguana The Bahamas
25%
Anegada Rock Iguana United Kingdom (British Virgin Islands)
25%
Cayman Curlytail United Kingdom (Cayman Islands)
25%
Blue Iguana United Kingdom (Cayman Islands)
25%
Turks and Caicos Rock Iguana United Kingdom (Turks & Caicos)
25%
Blunt-Nosed Leopard Lizard United States of America
25%
Twin-Spotted Spiny Lizard United States of America
25%
Yarrow's Spiny Lizard United States of America | Mexico
25%
Greater Earless Lizard United States of America | Mexico
25%
Horned Lizard United States of America | Mexico
25%
Regal Horned Lizard United States of America | Mexico
25%
Mona Ground Iguana United States of America (Puerto Rico)
25%
Marbled Gecko Australia
17%
Blanford's Flying Dragon Bangladesh | China | India | Malaysia | Myanmar | Thailand | Vietnam
17%
Wied's Fathead Anole Brazil
17%
Common Butterfly Lizard Cambodia | Indonesia | Malaysia | Myanmar | Thailand | Vietnam
17%
Reeves's Butterfly Lizard China | Malaysia | Vietnam | Cambodia | Thailand
17%
Armored Pricklenape China | Myanmar | Thailand | Malaysia | Singapore | Indonesia
17%
Western Basilisk Colombia | Ecuador
17%
Common Basilisk Costa Rica | Nicaragua | Panama | Colombia | Venezuela
17%
Galápagos Pink Land Iguana Ecuador
17%
Santa Fe Land Iguana Ecuador
17%
Hood Lava Lizard Ecuador
17%
Lau Banded Iguana Fiji | Tonga
17%
Green-Legged Curly-Tail Haiti | Dominican Republic | United States of America
17%
Pondichéry Fan-Throated Lizard India
17%
Anaimalai Spiny Lizard India
17%
Ambon Sail-Finned Lizard Indonesia
17%
Weber's Sailfin Lizard Indonesia
17%
Five-Lined Flying Dragon Indonesia | Thailand | Malaysia
17%
Duméril's Madagascar Swift Madagascar
17%
Short-Horned Chameleon Madagascar
17%
Angel Island Chuckwalla Mexico
17%
Common Collared Lizard Mexico | United States of America
17%
Namaqua Chameleon Namibia | South Africa | Angola
17%
Green Crested Lizard Singapore | Indonesia | Philippines | Thailand | Myanmar | India
17%
Swartberg Dwarf Chameleon South Africa
17%
Phuket Horned Tree Agamid Thailand
17%
Coarse Chameleon Uganda | Rwanda | Burundi | Democratic Republic of the Congo
17%
Jerdon's Forest Lizard Bangaldesh | Bhutan | China | India | Myanmar
8%
Forest Garden Lizard Bangladesh | Cambodia | China | India | Laos | Malaysia | Myanmar | Thailand | Vietnam
8%
Abor Hills Agama Bhutan | India
8%
Two-Lined Fathead Anole Brazil
8%
Spiny Weapontail Brazil | Bolivia
8%
Skull Tree Iguana Brazil | Uruguay
8%
Smooth Chameleon Burundi | Rwanda | Kenya | Sudan | South Sudan | Uganda | Tanzania | Democratic Republic of the Congo | Central African Republic | Zambia | Ethiopia | Cameroon
8%
Red-Lipped Horned Tree Lizard China
8%
Kakhyen Hills Spiny Lizard China | Myanmar | India | Thailand
8%
Green Thornytail Iguana Colombia | Guyana | Suriname | Peru | Venezuela | Brazil | France (French Guiana)
8%
Alto Tambo Woodlizard Ecuador
8%
Rhinoceros Iguana Haiti | Dominican Republic
8%
Utila Spiny-Tailed Iguana Honduras
8%
Elliot's Forest Lizard India
8%
Ota's Mountain Lizard India
8%
Variegated Mountain Lizard India | Bhutan | Nepal
8%
Small Forest Lizard India | China
8%
Oriental Garden Lizard Iran | Afghanistan | Bangladesh | Bhutan | Cambodia | India | Indonesia | Malaysia | Maldives | Mauritius | Myanmar | Nepal | Pakistan | Philippines | Sri Lanka | Thailand | Vietnam | Brunei | Oman | Seychelles | Singapore | United States of America | France (Réunion)
8%
Meller's Chameleon Malawi | Mozambique | Tanzania
8%
Gunung Raya Green-Crested Lizard Malaysia | Thailand
8%
Bocourt's Emerald Lizard Mexico | Guatemala
8%
Reticulate Collared Lizard Mexico | United States of America
8%
Frost's Iguana Peru
8%
Tiger Chameleon Seychelles
8%
Common Giant Ground Gecko South Africa | Namibia | Botswana
8%
Rhino-Horned Lizard Sri Lanka
8%
Hump Snout Lizard Sri Lanka
8%
West Usambara Two-Horned Chameleon Tanzania
8%
Usambara Three-Horned Chameleon Tanzania
8%
Bell's Anglehead Lizard Thailand | Malaysia | Indonesia
8%
Brown Pricklenape Thailand | Vietnam | Myanmar | Laos | China
8%
Island Fence Lizard United States of America
8%
Desert Spiny Lizard United States of America | Mexico
8%
Veiled Chameleon Yemen | Saudi Arabia
8%
Geyr's Dibb Lizard Algeria | Mali | Niger
0%
Button-Scaled Gecko Angola | Namibia
0%
Liolaemus Gracielae Argentina
0%
Liolaemus Azarai Argentina | Paraguay
0%
Flower's Forest Agamid Cambodia | Thailand | Vietnam
0%
Spectral Pygmy Chameleon Cameroon | Equatorial Guinea | Gabon
0%
Pristidactylus Valeriae Chile
0%
Liolaemus Silvai Chile
0%
Bale Two-Horned Chameleon Ethiopia
0%
Ricord's Ground Iguana Haiti | Dominican Republic
0%
Julio's Casquehead Iguana Honduras
0%
Dunn's Spinytail Lizard Panama | Colombia
0%
Enyalioides Feiruzae Peru
0%
Giant Brown Gecko Seychelles
0%
Spineless Forest Lizard Sri Lanka
0%
Erdelen's Horned Lizard Sri Lanka
0%
Rough-Nosed Horned Lizard Sri Lanka
0%
Swinhoe's Japalure Taiwan | Japan
0%
Moyer's Pygmy Chameleon Tanzania
0%
Bearded Pygmy Chameleon Tanzania | Kenya
0%
Acanthosaura Cardamomensis Thailand | Cambodia | Vietnam
0%
No matching quizzes found
Score Distribution
Percent of People with Each Score
Percentile by Number Answered
Your Score History
You have not taken this quiz